000 01165nam a2200253Ia 4500
003 Ost
005 20260507075052.0
008 260507s9999||||xx |||||||||||||| ||und||
040 _cfsecg
041 _aara
082 _a332.6322
100 _aننيس، نغم حنا رؤوف
_eمؤلف
245 0 _aالنظام القانوني لزيادة رأس مال الشركة المساهمة :
_bدراسة مقارنة /
_c نغم حنا رؤوف ننيس
260 _aعمان:
_bالدار العلمية الدولية ودار الثقافة للنشر والتوزيع,
_c2002
300 _a182 صفحة؛
_bإيضاحات ؛
_c24 سم
490 _aسلسلة الرسائل القانونية
_v441
504 _aالمراجع ص.171
520 _aماهية زيادة رأس مال الشركة المساهمة، طريق زيادة رأس مال الشركة المساهمة، اجراءات زيادة رأس مال الشركة المساهمة وآثارها ومؤشراتها الاحصائية
653 _aالإحصاء
653 _aالشركات
653 _aالقانون
653 _aرأس المال
942 _cكتاب
999 _c42665
_d42665